000 00471nam a2200181Ia 4500
001 23832
005 20260414151004.0
008 260414t2014||||xx |||||||||||||| ||spa||
041 _aESP
082 _a720
_bT78
100 _aTrachana, Angelique,
_eAUT
245 0 _aInvariantes arquitectónicas :
_botas sobre una antropología del hábitat
260 _c2014
300 _a178 páginas :
_c20 cm.
650 _aABD
654 _aCAU
942 _cLIB
_dJUS
_fJUS
_2ddc
_n
999 _c23832
_d23832